IFM Opac

The Theory Financial Management (Record no. 18154)

MARC details
000 -LEADER
fixed length control field 00383nam a22001457a 4500
020 ## - INTERNATIONAL STANDARD BOOK NUMBER
International Standard Book Number 0231026048
082 ## - DEWEY DECIMAL CLASSIFICATION NUMBER
Classification number 658.15 SOL
100 ## - MAIN ENTRY--PERSONAL NAME
Personal name Solomon,Ezra.
245 ## - TITLE STATEMENT
Title The Theory Financial Management
260 ## - PUBLICATION, DISTRIBUTION, ETC.
Place of publication, distribution, etc. New York
Name of publisher, distributor, etc. Columbia Univesity Press
Date of publication, distribution, etc. 1963
300 ## - PHYSICAL DESCRIPTION
Extent xii,170p.
Other physical details ill:,22cm
500 ## - GENERAL NOTE
General note include bibliography and index
650 ## - SUBJECT ADDED ENTRY--TOPICAL TERM
Topical term or geographic name entry element financial decisions
942 ## - ADDED ENTRY ELEMENTS (KOHA)
Koha item type Books
Holdings
Withdrawn status Lost status Source of classification or shelving scheme Damaged status Not for loan Home library Current library Shelving location Date acquired Full call number Barcode Date last seen Price effective from Koha item type
    Dewey Decimal Classification     IFM Main Campus Library IFM Main Campus Library   08/11/2017 658.15 SOL 0000016314 08/11/2017 08/11/2017 Books